00751nam a2200193Ia 4500003000900000008004100009020001800050040001600068080002400084110002600108245013800134260004500272300001400317490001600331650008500347942000700432999001700439952010100456IN-BaIIA211028s9999 xx 000 0 eng d a92-9092-399-7 cIIA Library a083.3:524.3bESA-15 aEuropean Space Agency 0aHipparcos and Tycho cataloguesbvol. 15, millennium star atlas (8h-15h)cEuropean Space Agency  aNetherlandsbEuropean Space Agencyc1997 a517-1032p aESA SP-1200 aHipparcos and Tycho catalogues, Catalog-Hipparcos and Tycho, Star catalog921728 cBK c12417d12417 00104070aBANbKAVcGENd1998-02-20l0o083.3:524.3/ ESA-15p13333r2021-11-05w1998-02-20yBK